| 000 | 00759nam a22002057a 4500 | ||
|---|---|---|---|
| 005 | 20100805123844.0 | ||
| 010 | _aENG-98349 | ||
| 020 |
_a978818984031 _c150.00 |
||
| 035 | _aEN-81882 | ||
| 037 | _bDBAD/PUB | ||
| 082 | _a515.3 | ||
| 100 |
_aGanesan, V. _91229 |
||
| 245 |
_aApplications of differential equations / _cby V. Ganesan |
||
| 260 |
_aErode _bPallavi Pathippagam South India _c2008 |
||
| 270 |
_a197, Kanna Complex, Mettur Road _bErode _e11 |
||
| 300 |
_aiii, 140p. _c19cm (pbk) |
||
| 500 | _aIncludes bibliographical references and index | ||
| 942 |
_2ddc _cEN _h515.3 _mGAN |
||
| 999 |
_c39413 _d39413 |
||